| 000 | 01084nam a22002417a 4500 | ||
|---|---|---|---|
| 001 | 76320 | ||
| 003 | BD-RjUL | ||
| 005 | 20211209082827.0 | ||
| 008 | 191124s2011 bg ||||| |||| 00| 0 ben d | ||
| 020 | _a9847015602130 | ||
| 035 | _a(BD-RjUL)76541 | ||
| 040 |
_aBD-RjUL _beng _cBD-RjUL |
||
| 041 | _aeng | ||
| 082 |
_223 _a327.5405492 _bMAB 2011 |
||
| 100 |
_aমামুন, মুনতাসীর _9235396 |
||
| 245 | 1 | 0 |
_aভারত-বাংলাদেশ সম্পর্কের চালচিত্র বর্তমান পরিপ্রেক্ষিত / _cমুনতাসীর মামুন , জয়ন্ত কুমার রায় |
| 260 |
_aঢাকা : _bমাওলা ব্রাদার্স, _c২০১১ |
||
| 300 |
_a১৫৭ পৃ.; _c২৩সেমি. |
||
| 650 |
_aভারত _xবৈদেশিক সম্পর্ক _zবাংলাদেশ _9235397 |
||
| 650 |
_aIndia _xForeign relations _zBangladesh. _9235398 |
||
| 700 |
_aরায়, জয়ন্ত কুমার _9235400 |
||
| 942 |
_2ddc _cBK |
||
| 999 |
_c76320 _d76320 |
||